00394 2200157 4500001002100000008004100021035002000062245003700082100001400119260002500133300002200158020002200180084001400202082000800216990001200224INLIS000000000002777 IND  a0010-0925000124 aYou Are My EverythingcKim Hyeri aKim Hyeri aJakartabZettuc2012 a244c(13 x 19 cm) a978-602-7735-02-6 a813 KIM y a813 a0754999